000 00922nam a22002657a 4500
999 _c64299
_d64299
005 20240530110724.0
008 180415s2017 ua a g b 000 0 ara d
017 _a20543
_bمصر. دار الكتب
020 _a97897765195336
040 _aEG-CaGPL
_cEG-CaGPL
082 0 4 _221
_a901\
_bم ف
100 0 _aمصطفى النشار
245 1 0 _aفلسفة التاريخ :
_bنشأتها وتطورها من الشرق القديم حتى توينبى /
_cمصطفى النشار .
250 _aط.1
260 _aالقاهرة :
_bنيوبوك للنشر والتوزيع،
_c2017 .
300 _a295 ص. ؛
_c22 سم.
650 0 7 _2qrmak
_aالتأريخ
650 0 7 _2qrmak
_aفبكو
650 0 7 _2qrmak
_aهيرودوت
650 0 7 _2qrmak
_aهوميروس
650 0 7 _2qrmak
_aالتاريخ
_xفلسفة
651 _2qrmak
942 _2ddc
_cBK